India`s family welfare program : moving to a reproductive and child health approach (Record no. 184801)

MARC details
000 -LEADER
fixed length control field 00578nam a2200205Ia 4500
008 - FIXED-LENGTH DATA ELEMENTS--GENERAL INFORMATION
fixed length control field 140306s9999 xx 000 0 und d
020 ## - INTERNATIONAL STANDARD BOOK NUMBER
International Standard Book Number 0 8213 3448 4
041 ## - LANGUAGE CODE
Language code of text/sound track or separate title eng
082 ## - DEWEY DECIMAL CLASSIFICATION NUMBER
Classification number 363 .9
Item number MEV/IN
100 ## - MAIN ENTRY--PERSONAL NAME
Personal name Heaver, Richard A
245 ## - TITLE STATEMENT
Title India`s family welfare program : moving to a reproductive and child health approach
260 ## - PUBLICATION, DISTRIBUTION, ETC. (IMPRINT)
Place of publication, distribution, etc. Washington
Name of publisher, distributor, etc. World Bank
Date of publication, distribution, etc. 1995
300 ## - PHYSICAL DESCRIPTION
Extent
365 ## - TRADE PRICE
Price amount U.S.D.7.95
440 ## - SERIES STATEMENT/ADDED ENTRY--TITLE
Volume/sequential designation Directions in development
650 ## - SUBJECT ADDED ENTRY--TOPICAL TERM
Topical term or geographic name as entry element birth controls
650 ## - SUBJECT ADDED ENTRY--TOPICAL TERM
Topical term or geographic name as entry element Family policy
700 ## - ADDED ENTRY--PERSONAL NAME
Personal name Meusham, Anthony R
942 ## - ADDED ENTRY ELEMENTS (KOHA)
Source of classification or shelving scheme Dewey Decimal Classification
Koha item type Books (General)
Holdings
Withdrawn status Lost status Source of classification or shelving scheme Damaged status Not for loan Home library Current library Date acquired Cost, normal purchase price Total Checkouts Full call number Date last seen Price effective from Koha item type
    Dewey Decimal Classification     College of Co-operation, Banking & Management Library, Vellanikkara College of Co-operation, Banking & Management Library, Vellanikkara 03/08/2004 0.00   363 .9 MEV/IN 22/03/2014 22/03/2014 Books (General)
Kerala Agricultural University Central Library
Thrissur-(Dt.), Kerala Pin:- 680656, India
Ph : (+91)(487) 2372219
E-mail: librarian@kau.in
Website: http://library.kau.in/